Jak se stát úspěšným lídrem leadership v praxi

Enregistré dans:
Détails bibliographiques
Auteur principal: Owen, Jo
Format: Livre
Langue:tchèque
Publié: Praha Grada Publishing 2006
Collection:Management
Sujets:
Tags: Ajouter un tag
Pas de tags, Soyez le premier à ajouter un tag!

MARC

LEADER 00000nam a2200000 4500
001 0143086
005 20240313133051.2
020 |a 80-247-1726-3 
041 0 |a cze 
044 |a CZ 
245 1 0 |a Jak se stát úspěšným lídrem  |b leadership v praxi  |c Jo Owen 
264 1 |a Praha  |b Grada Publishing  |c 2006 
300 |a 226 s. 
490 1 |a Management 
830 0 |a Management 
610 2 0 |a manažéri 
610 2 0 |a manažment 
610 2 0 |a vedenie ľudí 
100 1 |a Owen, Jo